000 00238nam a22000857a 4500
008 161115b xxu||||| |||| 00| 0 eng d
100 _91221
_aSharma S. N
245 _aComposite mathamatics class VII
260 _aNew delhi
_bArya publication
_c2009
999 _c3912
_d3912